Velká kniha PHP5 a MySQL : Kompedium znalostí pro začátečníky i profesionály

Salvato in:
Dettagli Bibliografici
Autore principale: Gilmore, W. Jason (Autore)
Natura: Libro
Lingua:ceco
Pubblicazione: Brno : Zoner Press, 2005
Soggetti:
Tags: Aggiungi Tag
Nessun Tag, puoi essere il primo ad aggiungerne!!

MARC

LEADER 00000nam a22000003a 4500
001 stu112443
005 20150617225837.4
008 060302s2005----xr------------------cze-d
020 |a 80-86815-20-X 
040 |a STU  |b slo 
041 0 |a cze 
044 |a xr 
080 |a 004.432.2  |7 stu_us_auth*stu795 
080 |a 004.652.4 
080 |a 681.32.016 
100 1 |a Gilmore, W. Jason  |4 aut 
245 1 |a Velká kniha PHP5 a MySQL :  |b Kompedium znalostí pro začátečníky i profesionály 
260 |a Brno :  |b Zoner Press,  |c 2005 
300 |a 711 s 
650 7 |a skriptové jazyky  |2 stusub 
650 7 |a PHP  |2 stusub 
650 7 |a MySQL  |2 stusub 
996 |b 284EK86082  |c E*86082  |l EE01  |s A  |a 24  |w stu112443_0001